000 00554nam a22002057a 4500
005 20200312105340.0
008 190809b xxu||||| |||| 00| 0 eng d
020 _a9788193870990
_cRs. 125.00
040 _aLoreto College
041 _aHindi
082 _a891.431
_bGUP-SAH
100 _aSahay, Ganga
245 _aYashodhara
_cMaithilisharan Gupta; Ganga Sahay
260 _aAgra
_bSahitya Sarobar
_c2019
300 _a224 p.
_b24 cm.
600 _aGupta, Maithilisharan
650 _aHindi Kabyaa
850 _aLCLIB
_bHinSemLib
942 _cBK
999 _c42575
_d93054